[Event "Titled Tuesday intern op 22 Mar Early"]
[Site "Chess.com INT"]
[Date "2022.03.22"]
[Round "7"]
[White "Vishnu, Prasanna V"]
[Black "Tari, Aryan"]
[Result "0-1"]
[WhiteElo "2476"]
[BlackElo "2653"]
[PlyCount "32"]
[EventDate "2022.03.22"]
[EventType "swiss (blitz)"]
[EventRounds "11"]
[EventCountry "USA"]
[SourceTitle "CBM 207 Extra"]
[Source "ChessBase"]
[SourceDate "2022.05.31"]
[SourceVersion "1"]
[SourceVersionDate "2022.05.31"]
[SourceQuality "1"]

1. d4 d5 2. c4 e6 3. Nf3 Nf6 4. g3 Bd6 5. Bg2 0-0 6. Nc3 h6 7. Qc2 Nc6 8. a3 dxc4 9. Nb5 Na5 10. Bd2 Bd7 11. a4 a6 12. Na3 Nb3 13. Ra2 b5 14. e4 Bc6 15. e5 Bxf3 16. Bxf3 Nxd4 0-1

[Event "Titled Tuesday intern op 22 Mar Early"]
[Site "Chess.com INT"]
[Date "2022.03.22"]
[Round "5"]
[White "Vishnu, Prasanna V"]
[Black "Zhigalko, Sergei"]
[Result "0-1"]
[WhiteElo "2476"]
[BlackElo "2572"]
[PlyCount "96"]
[EventDate "2022.03.22"]
[EventType "swiss (blitz)"]
[EventRounds "11"]
[EventCountry "USA"]
[SourceTitle "CBM 207 Extra"]
[Source "ChessBase"]
[SourceDate "2022.05.31"]
[SourceVersion "1"]
[SourceVersionDate "2022.05.31"]
[SourceQuality "1"]

1. e4 c5 2. Nf3 Nc6 3. d4 cxd4 4. Nxd4 Nf6 5. Nc3 e5 6. Ndb5 d6 7. Bg5 a6 8. Na3 b5 9. Nd5 Be7 10. Bxf6 Bxf6 11. c4 b4 12. Nc2 0-0 13. g3 a5 14. Qd3 Bg5 15. h4 Bh6 16. Bh3 Be6 17. Kf1 Rb8 18. b3 Qd7 19. Kg2 Kh8 20. Rad1 Qa7 21. Nce3 Bxe3 22. Nxe3 Rbd8 23. h5 h6 24. f4 Bxh3+ 25. Rxh3 Nd4 26. Nd5 a4 27. g4 axb3 28. axb3 Ra8 29. g5 Qa2+ 30. Rd2 Qa1 31. gxh6 gxh6 32. f5 Rg8+ 33. Rg3 Rxg3+ 34. Kxg3 Rg8+ 35. Kh3 Qg1 36. Nf6 Rg5 37. Ra2 Qh1+ 38. Rh2 Qe1 39. Rg2 Qh1+ 40. Rh2 Qe1 41. Rg2 Qc3 42. Rd2 Kg7 43. Ne8+ Kf8 44. Nxd6 Qc1 45. c5 Qh1+ 46. Rh2 Rxh5+ 47. Kg4 Qxh2 48. Qg3 Rg5# 0-1

[Event "FIDE World Cup AICF Qual"]
[Site "Tornelo INT"]
[Date "2021.05.30"]
[Round "15"]
[White "Krishna, C Revanth Gopala"]
[Black "Vishnu, Prasanna V"]
[Result "0-1"]
[WhiteElo "2478"]
[BlackElo "2476"]
[PlyCount "48"]
[EventDate "2021.05.26"]
[EventType "tourn (rapid)"]
[EventRounds "17"]
[EventCountry "IND"]
[EventCategory "10"]
[SourceTitle "CBM 202 Extra"]
[Source "ChessBase"]
[SourceDate "2021.07.31"]
[SourceVersion "1"]
[SourceVersionDate "2021.07.31"]
[SourceQuality "1"]

1. d4 Nf6 2. Nf3 g6 3. Nc3 d5 4. Bf4 c6 5. e3 Bg7 6. Be2 Bf5 7. Ne5 Nfd7 8. g4 Nxe5 9. gxf5 Ned7 10. Bd3 Nf6 11. Qf3 Nh5 12. Bg5 Nd7 13. 0-0-0 Bf6 14. h4 Qc7 15. e4 dxe4 16. Nxe4 Bxd4 17. fxg6 fxg6 18. Bc4 Ne5 19. Qb3 Rd8 20. Rhe1 h6 21. Bf1 hxg5 22. Nxg5 Nf4 23. Rxe5 Qxe5 24. Nf7 Bxb2+ 0-1